| 000 | 01463cam a2200265 i 4500 | ||
|---|---|---|---|
| 999 |
_c36089 _d36089 |
||
| 001 | 003045153 | ||
| 005 | 20190423104746.0 | ||
| 008 | 070301s2007 ru r 000 u rus|d | ||
| 020 | _a9785891239050 (В пер.) | ||
| 040 |
_aRuMoRKP _brus _ercr _dRuMoRGB |
||
| 041 | 0 | _arus | |
| 080 | _a341.231.14 | ||
| 084 |
_aХ911.3,0 _2rubbk |
||
| 245 | 0 | 0 |
_aПрава человека и процессы глобализации современного мира _c[Бринчук М. М. и др.] ; отв. ред. Е. А. Лукашева ; Ин-т гос. и права Российской акад. наук |
| 260 |
_aМосква : _bНОРМА, _c2007. |
||
| 300 |
_a462, [1] с., _c22 см. |
||
| 500 | _aАвт. указаны на 5-й с. текста | ||
| 650 | 7 |
_aГосударство и право. Юридические науки -- Международное публичное право -- Вопросы населения в международном праве -- Защита прав человека _2rubbk _9372 |
|
| 700 | 1 |
_aБринчук, Михаил Михайлович _9373 |
|
| 700 | 1 |
_aЛукашева, Елена Андреевна _eредактор _9374 |
|
| 710 | 2 |
_aИнститут государства и права (Москва) _9375 |
|
| 852 |
_a2006200447 _bFB _cBOOK _d90 _e20070313 _f20130720 _gGNP _j1 07-2/264 |
||
| 852 |
_a2006200461 _bFB _cBOOK _d90 _e20070313 _f20180626 _gGNP _j1 07-2/263 |
||
| 942 |
_2udc _cBK |
||